[Event "DEM U12 2005"]
[Site "Willingen GER"]
[Date "2005.05.20"]
[Round "10"]
[White "Zimmermann, Gordon"]
[Black "Zelbel, Patrick"]
[Result "1-0"]
[Termination "normal"]
[Board "1"]
[WhiteElo "1686"]
[BlackElo "1927"]
[PlyCount "85"]
[WhiteFideId "24624330"]
[BlackFideId "24624322"]
[EventCountry "GER"]
[EventRounds "11"]
[EventType "swiss"]
[EventDate "2005.05.15"]

1. e4 e5 2. Nf3 Nc6 3. Bb5 a6 4. Ba4 Nf6 5. O-O Be7 6. Re1 b5 7. Bb3 d6 8. c3
O-O 9. h3 Nb8 10. d4 Nbd7 11. Nbd2 Re8 12. Nf1 Bb7 13. Ng3 c5 14. d5 g6 15. Bc2
Bf8 16. Nh2 Bg7 17. Bg5 h6 18. Be3 h5 19. Bg5 Qc7 20. Qd2 Nb6 21. Bd3 c4 22.
Bc2 Nh7 23. Bh6 Bc8 24. Bxg7 Kxg7 25. f4 Nd7 26. f5 Nc5 27. Rf1 Qe7 28. f6+
Nxf6 29. Qg5 Ng8 30. Nxh5+ Kh8 31. Nf6 Nxf6 32. Rxf6 Nd7 33. Qh6+ Kg8 34. Rf3
Nf8 35. Raf1 Ra7 36. Ng4 Bxg4 37. hxg4 f5 38. gxf5 Qg7 39. Qe3 Rf7 40. f6 Qh8
41. Rh3 Nh7 42. Qh6 g5 43. Bd1 1-0

[Event "DEM U12 2005"]
[Site "Willingen GER"]
[Date "2005.05.20"]
[Round "10"]
[White "Friedrich, Wiede"]
[Black "Graf, Felix"]
[Result "0-1"]
[Termination "normal"]
[Board "2"]
[WhiteElo "1739"]
[BlackElo "2152"]
[PlyCount "76"]
[WhiteFideId "24629537"]
[BlackFideId "24608904"]
[EventCountry "GER"]
[EventRounds "11"]
[EventType "swiss"]
[EventDate "2005.05.15"]

1. e4 e6 2. d3 d5 3. Nd2 Nf6 4. g3 b6 5. Bg2 Bb7 6. Ne2 Be7 7. O-O c5 8. f4 Nc6
9. e5 Nd7 10. Kh1 Qc7 11. c4 Nb4 12. Qb3 a5 13. a4 d4 14. Bxb7 Qxb7+ 15. Kg1 f5
16. Nf3 h6 17. Bd2 Nc6 18. Qd1 O-O-O 19. Qe1 Rdg8 20. Qf2 g5 21. Rae1 g4 22.
Nh4 Bxh4 23. gxh4 h5 24. Rd1 Ncxe5 25. fxe5 Nxe5 26. Qg2 Nf3+ 27. Kh1 Nxh4 28.
Qxb7+ Kxb7 29. Bf4 Nf3 30. Ng1 Nh4 31. Rde1 Re8 32. Rf2 Ng6 33. Be5 Rhf8 34.
Bd6 Rf6 35. Be5 Rf7 36. Rfe2 f4 37. Bd6 f3 38. Rxe6 Rxe6 0-1

[Event "DEM U12 2005"]
[Site "Willingen GER"]
[Date "2005.05.20"]
[Round "10"]
[White "Lobmeyer, Fabian"]
[Black "Kaphle, Stephan"]
[Result "0-1"]
[Termination "normal"]
[Board "3"]
[WhiteElo "1616"]
[BlackElo "1954"]
[PlyCount "36"]
[WhiteFideId "24659681"]
[BlackFideId "24629103"]
[EventCountry "GER"]
[EventRounds "11"]
[EventType "swiss"]
[EventDate "2005.05.15"]

1. Nf3 c5 2. d4 cxd4 3. Nxd4 Nf6 4. c4 d6 5. Nc3 g6 6. g3 Bg7 7. Bg2 Qc7 8. Qd3
Nc6 9. e3 Ne5 10. Qe2 Nxc4 11. a3 a6 12. O-O O-O 13. b3 Na5 14. Qb2 e5 15. Nde2
Be6 16. b4 Nc4 17. Qb1 Rac8 18. Bb2 Nd2 0-1

[Event "DEM U12 2005"]
[Site "Willingen GER"]
[Date "2005.05.20"]
[Round "10"]
[White "Wittke, Rene"]
[Black "Schäfer, Alexander"]
[Result "1/2-1/2"]
[Termination "normal"]
[Board "4"]
[WhiteElo "1612"]
[BlackElo "2035"]
[PlyCount "47"]
[WhiteFideId "24640255"]
[BlackFideId "24615196"]
[EventCountry "GER"]
[EventRounds "11"]
[EventType "swiss"]
[EventDate "2005.05.15"]

1. e4 c5 2. c3 g6 3. Nf3 Bg7 4. d4 cxd4 5. cxd4 d5 6. e5 Bg4 7. Nc3 Nc6 8. Be3
e6 9. h3 Bxf3 10. Qxf3 Nge7 11. Be2 O-O 12. Rd1 Rc8 13. O-O Nf5 14. Rd2 f6 15.
exf6 Bxf6 16. Qg4 Qe8 17. Bb5 a6 18. Ba4 b5 19. Bb3 h5 20. Qd1 Nxe3 21. fxe3
Bg5 22. Re2 b4 23. Na4 Rxf1+ 24. Qxf1 1/2-1/2

[Event "DEM U12 2005"]
[Site "Willingen GER"]
[Date "2005.05.20"]
[Round "10"]
[White "Günnigmann, Manuel"]
[Black "Grimm, Pascal"]
[Result "1/2-1/2"]
[Termination "normal"]
[Board "6"]
[WhiteElo "1625"]
[BlackElo "1838"]
[PlyCount "60"]
[WhiteFideId "24640360"]
[BlackFideId "24620122"]
[EventCountry "GER"]
[EventRounds "11"]
[EventType "swiss"]
[EventDate "2005.05.15"]

1. e4 g6 2. Nf3 Bg7 3. d3 d6 4. Be2 Nc6 5. c3 e5 6. Nbd2 Nge7 7. O-O O-O 8. Qc2
f5 9. b4 f4 10. Bb2 h6 11. h3 g5 12. Nh2 Ng6 13. a4 Be6 14. b5 Nb8 15. d4 Nd7
16. Bc4 Bxc4 17. Nxc4 Nb6 18. Nxb6 axb6 19. Rfd1 Qe7 20. dxe5 Nxe5 21. c4 Qe6
22. Bxe5 Bxe5 23. Ra3 Ra5 24. Nf3 Re8 25. Kh1 Qf6 26. Nxe5 Rxe5 27. Rd5 Ra8 28.
Qc3 Kf7 29. f3 Rxd5 30. cxd5 Rc8 1/2-1/2

[Event "DEM U12 2005"]
[Site "Willingen GER"]
[Date "2005.05.20"]
[Round "10"]
[White "Hager, Joshua Aarash"]
[Black "Aslan, Benjamin"]
[Result "0-1"]
[Termination "normal"]
[Board "7"]
[WhiteElo "1632"]
[BlackElo "1507"]
[PlyCount "60"]
[WhiteFideId "24642789"]
[BlackFideId "24640298"]
[EventCountry "GER"]
[EventRounds "11"]
[EventType "swiss"]
[EventDate "2005.05.15"]

1. e4 d6 2. d4 Nf6 3. f3 c6 4. Be3 Nbd7 5. Qd2 b5 6. g4 Nb6 7. h4 a5 8. Nc3 b4
9. Nd1 Ba6 10. Bxa6 Rxa6 11. Qe2 Qa8 12. Nh3 Nfd7 13. g5 c5 14. c3 a4 15. h5
bxc3 16. bxc3 cxd4 17. cxd4 a3 18. Nhf2 e6 19. g6 hxg6 20. hxg6 Rxh1+ 21. Nxh1
fxg6 22. Qg2 Kf7 23. Nhf2 Nc4 24. Bc1 d5 25. e5 Bb4+ 26. Ke2 Rc6 27. Nd3 Qa5
28. Rb1 Nb2 29. Ne3 Nxd3 30. Kxd3 Qb5+ 0-1

[Event "DEM U12 2005"]
[Site "Willingen GER"]
[Date "2005.05.20"]
[Round "10"]
[White "Kusmierek, Kasper"]
[Black "Berchtenbreiter, Maximilian"]
[Result "0-1"]
[Termination "normal"]
[Board "8"]
[WhiteElo "1543"]
[BlackElo "1631"]
[PlyCount "80"]
[BlackFideId "24641120"]
[EventCountry "GER"]
[EventRounds "11"]
[EventType "swiss"]
[EventDate "2005.05.15"]

1. e4 c5 2. c3 Nf6 3. e5 Nd5 4. d4 cxd4 5. cxd4 d6 6. Bc4 Nb6 7. Bb5+ Bd7 8.
Bxd7+ Qxd7 9. Nf3 Nc6 10. Bf4 Rd8 11. Nc3 dxe5 12. dxe5 Qf5 13. Qc1 Nb4 14. O-O
Nd3 15. Qc2 Qxf4 16. Nb5 Qc4 17. Qxc4 Nxc4 18. Nxa7 Ncxb2 19. Nb5 e6 20. Na3
Bxa3 21. Rab1 Ke7 22. g3 Rd5 23. Kg2 Rc8 24. h4 Rc2 25. Kg1 Bc5 26. Ne1 Nxe1
27. Rbxe1 Rdd2 28. Kh1 Rxf2 29. Rxf2 Bxf2 30. Re4 Nd3 31. Rg4 g6 32. Ra4 Nxe5
33. Re4 Bxg3 34. Kg1 Nf3+ 35. Kf1 Nd2+ 36. Kg1 Nxe4 37. Kf1 Kf6 38. Kg1 Kf5 39.
Kf1 Kf4 40. Kg1 Kf3 0-1

[Event "DEM U12 2005"]
[Site "Willingen GER"]
[Date "2005.05.20"]
[Round "10"]
[White "Osmanodja, Bilgin"]
[Black "Endress, Anna"]
[Result "0-1"]
[Termination "normal"]
[Board "9"]
[WhiteElo "1574"]
[BlackElo "1725"]
[PlyCount "68"]
[BlackFideId "24629472"]
[EventCountry "GER"]
[EventRounds "11"]
[EventType "swiss"]
[EventDate "2005.05.15"]

1. e4 c5 2. Nf3 e6 3. d4 cxd4 4. Nxd4 a6 5. Nc3 b5 6. a3 Bb7 7. Bd3 d6 8. O-O
Nf6 9. f4 Nbd7 10. Re1 Qc7 11. Qe2 Be7 12. Kh1 O-O 13. e5 Nd5 14. Nxd5 Bxd5 15.
Qh5 g6 16. Qe2 Nc5 17. Bd2 Rfe8 18. b3 Rac8 19. c4 Nxd3 20. Qxd3 bxc4 21. bxc4
Bxc4 22. Qh3 Qd7 23. Nf3 Bd5 24. Ng5 h5 25. Kg1 Bxg5 26. fxg5 dxe5 27. Bc3 Qa7+
28. Kh1 Qf2 29. Bxe5 Rc2 30. Rg1 Qf5 31. Qxf5 exf5 32. Rae1 Be4 33. Bg3 f4 34.
Bh4 f3 0-1

[Event "DEM U12 2005"]
[Site "Willingen GER"]
[Date "2005.05.20"]
[Round "10"]
[White "Specht, Christian"]
[Black "Schmitt, Philipp"]
[Result "1/2-1/2"]
[Termination "normal"]
[Board "10"]
[WhiteElo "1568"]
[BlackElo "1705"]
[PlyCount "78"]
[WhiteFideId "24647985"]
[BlackFideId "24641766"]
[EventCountry "GER"]
[EventRounds "11"]
[EventType "swiss"]
[EventDate "2005.05.15"]

1. e4 e6 2. d4 d5 3. Nd2 c5 4. exd5 exd5 5. Ngf3 Nc6 6. Bb5 Bd6 7. dxc5 Bxc5 8.
O-O Nge7 9. Nb3 Bb6 10. Re1 O-O 11. Bg5 f6 12. Be3 Bxe3 13. Rxe3 Bg4 14. Bxc6
bxc6 15. Nbd4 c5 16. Ne6 Bxe6 17. Rxe6 Re8 18. Qe2 Qd7 19. Re1 Kf7 20. Nd2 Ng6
21. Rxe8 Rxe8 22. Qxe8+ Qxe8 23. Rxe8 Kxe8 24. Nb3 c4 25. Nd4 Ne7 26. Kf1 Kd7
27. Ke2 Nc6 28. Nxc6 Kxc6 29. Ke3 Kc5 30. c3 a5 31. h4 h5 32. f3 f5 33. f4 a4
34. a3 g6 35. g3 d4+ 36. cxd4+ Kd5 37. Ke2 Ke4 38. d5 Kxd5 39. Kd1 Kc5 1/2-1/2

[Event "DEM U12 2005"]
[Site "Willingen GER"]
[Date "2005.05.20"]
[Round "10"]
[White "Dünzel, Jonas"]
[Black "Gadschisade, Machmud"]
[Result "1-0"]
[Termination "normal"]
[Board "11"]
[WhiteElo "1516"]
[BlackElo "1676"]
[PlyCount "47"]
[WhiteFideId "24631167"]
[BlackFideId "4647734"]
[EventCountry "GER"]
[EventRounds "11"]
[EventType "swiss"]
[EventDate "2005.05.15"]

1. e4 Nf6 2. Nc3 d5 3. exd5 Nxd5 4. Bc4 Nb6 5. Bb3 g6 6. Nf3 Bg7 7. O-O O-O 8.
d3 Nc6 9. Re1 h6 10. Ne4 Kh8 11. Rb1 Nd5 12. Bd2 f5 13. Nc3 Nb6 14. Na4 g5 15.
Nxb6 axb6 16. Nxg5 Qe8 17. Ne6 Bxe6 18. Bxe6 Nd4 19. Bb3 Nxb3 20. axb3 e5 21.
f4 Qb5 22. fxe5 Bxe5 23. Rxe5 Qxe5 24. Bc3 1-0

[Event "DEM U12 2005"]
[Site "Willingen GER"]
[Date "2005.05.20"]
[Round "10"]
[White "Fittkau, Nico"]
[Black "Kartsev, Alexandr"]
[Result "0-1"]
[Termination "normal"]
[Board "12"]
[WhiteElo "1369"]
[BlackElo "1600"]
[PlyCount "68"]
[BlackFideId "24647110"]
[EventCountry "GER"]
[EventRounds "11"]
[EventType "swiss"]
[EventDate "2005.05.15"]

1. e4 d5 2. exd5 Nf6 3. c4 c6 4. d4 cxd5 5. Nc3 Nc6 6. Nf3 Bg4 7. cxd5 Nxd5 8.
Bc4 Nxc3 9. bxc3 e6 10. Rb1 a6 11. a4 Be7 12. O-O O-O 13. Bf4 Na5 14. Bd3 Rc8
15. Qc2 h6 16. Nd2 Bg5 17. Bxg5 Qxg5 18. Ne4 Qe7 19. Ng3 e5 20. f3 Bd7 21. Rfe1
Qa3 22. Bh7+ Kh8 23. Rxe5 Rxc3 24. Qb2 Qxb2 25. Rxb2 Nc4 26. Rc5 Nxb2 27. Rxc3
Kxh7 28. a5 Re8 29. Rb3 Nd1 30. h3 Bb5 31. Ne4 Rd8 32. Rb4 Ne3 33. Nd2 Nc2 34.
Rb2 Nxd4 0-1

[Event "DEM U12 2005"]
[Site "Willingen GER"]
[Date "2005.05.20"]
[Round "10"]
[White "Boos, Philipp"]
[Black "Huhnstock, Rico"]
[Result "0-1"]
[Termination "normal"]
[Board "13"]
[WhiteElo "1586"]
[BlackElo "1424"]
[PlyCount "76"]
[BlackFideId "24642932"]
[EventCountry "GER"]
[EventRounds "11"]
[EventType "swiss"]
[EventDate "2005.05.15"]

1. d4 Nf6 2. c4 g6 3. Nc3 Bg7 4. e4 d6 5. f3 O-O 6. Be3 a6 7. Qd2 c6 8. a4 Nbd7
9. Nh3 Qc7 10. Bd3 c5 11. d5 Ne5 12. Nf2 e6 13. O-O exd5 14. Nxd5 Nxd5 15. cxd5
Nxd3 16. Nxd3 f5 17. Bh6 Re8 18. Qf4 Bd4+ 19. Kh1 c4 20. Rac1 b5 21. g4 fxg4
22. fxg4 Qe7 23. Nb4 Bd7 24. Rce1 Bxb2 25. Re2 Be5 26. Qf3 Bg7 27. Bg5 Qxg5 28.
Qf7+ Kh8 29. Qxd7 Rad8 30. Qa7 Qxg4 31. Rg2 Qxe4 32. Nc2 Rf8 33. Re1 Qxd5 34.
Qe7 Qf7 35. Qe2 Rde8 36. Qd2 Rxe1+ 37. Qxe1 Qf1+ 38. Qxf1 Rxf1+ 0-1

[Event "DEM U12 2005"]
[Site "Willingen GER"]
[Date "2005.05.20"]
[Round "10"]
[White "Wang, Zhangxian"]
[Black "Mohr, Fides"]
[Result "1-0"]
[Termination "normal"]
[Board "14"]
[WhiteElo "1734"]
[BlackElo "1476"]
[PlyCount "89"]
[EventCountry "GER"]
[EventRounds "11"]
[EventType "swiss"]
[EventDate "2005.05.15"]

1. e4 e5 2. Nf3 Nc6 3. d4 exd4 4. Nxd4 Nf6 5. Nxc6 bxc6 6. e5 Qe7 7. Qe2 Nd5 8.
c4 Nb6 9. b3 Qe6 10. Bb2 Bb4+ 11. Nc3 O-O 12. g3 Re8 13. f4 Qg6 14. Bg2 d5 15.
cxd5 cxd5 16. O-O c6 17. Qf2 Ba6 18. Rfd1 Rad8 19. Kh1 Qe6 20. Ne2 f5 21. Bh3
Qf7 22. Rac1 Qh5 23. Bf1 Rc8 24. Nd4 Bxf1 25. Qxf1 Qg6 26. Rc2 Be7 27. Rdc1 c5
28. Nf3 Rc7 29. Ba3 Rec8 30. Qb5 Nd7 31. Kg2 Qb6 32. Qd3 Qe6 33. Nd4 cxd4 34.
Rxc7 Rxc7 35. Rxc7 Bxa3 36. Qxd4 Nb6 37. Rxa7 Be7 38. Rxe7 Qxe7 39. Qxb6 h6 40.
Qd6 Qxd6 41. exd6 Kf7 42. Kf3 Ke6 43. Ke3 Kxd6 44. Kd4 g6 45. h4 1-0

[Event "DEM U12 2005"]
[Site "Willingen GER"]
[Date "2005.05.20"]
[Round "10"]
[White "Sancar, Kenan"]
[Black "Jussupow, Alexander"]
[Result "0-1"]
[Termination "normal"]
[Board "15"]
[WhiteElo "1517"]
[BlackElo "1943"]
[PlyCount "120"]
[WhiteFideId "24647543"]
[BlackFideId "24613509"]
[EventCountry "GER"]
[EventRounds "11"]
[EventType "swiss"]
[EventDate "2005.05.15"]

1. e4 e5 2. Nf3 Nf6 3. Nxe5 d6 4. Nf3 Nxe4 5. Nc3 Nf6 6. d4 d5 7. Bg5 Be7 8.
Be2 O-O 9. O-O h6 10. Bf4 c6 11. Re1 Bf5 12. h3 Nbd7 13. Bd3 Bxd3 14. Qxd3 Re8
15. a3 a5 16. Ne2 Ne4 17. Nd2 Bh4 18. Nxe4 dxe4 19. Qb3 Nb6 20. Rad1 Nd5 21. c4
Nxf4 22. Nxf4 Qc7 23. g3 Bg5 24. Ng2 Rad8 25. Ne3 Bf6 26. Nc2 Qd7 27. Kg2 Qf5
28. Qe3 Bg5 29. Qe2 Bf6 30. Qe3 Re6 31. Rd2 Bg5 32. Qe2 Bxd2 33. Qxd2 Qf3+ 34.
Kg1 Qh5 35. Kg2 f5 36. Qf4 Qf7 37. h4 Red6 38. Qe5 Qxc4 39. Rc1 Qb3 40. Qxa5
Qxb2 41. Qe1 R6d7 42. Ne3 Qxa3 43. Ra1 Qb3 44. Rb1 Qf7 45. Nc2 Re7 46. Qa5 Rde8
47. Ne3 f4 48. Nf5 Re6 49. Qc5 fxg3 50. fxg3 e3 51. Rf1 Qd7 52. Re1 Qf7 53. Rf1
Qg6 54. d5 cxd5 55. Qxd5 Kh7 56. h5 Qxh5 57. Qxb7 Qg6 58. Nd4 e2 59. Re1 Re3
60. Nf3 Rf8 0-1

[Event "DEM U12 2005"]
[Site "Willingen GER"]
[Date "2005.05.20"]
[Round "10"]
[White "Weber, Raphael"]
[Black "Ohnmacht, Simon"]
[Result "1/2-1/2"]
[Termination "normal"]
[Board "16"]
[WhiteElo "1721"]
[BlackElo "1516"]
[PlyCount "46"]
[WhiteFideId "24644110"]
[BlackFideId "24672980"]
[EventCountry "GER"]
[EventRounds "11"]
[EventType "swiss"]
[EventDate "2005.05.15"]

1. e4 d6 2. d4 Nf6 3. Nc3 c6 4. Bg5 Qb6 5. b3 d5 6. e5 Nfd7 7. Be3 e6 8. Bd3
Bb4 9. Nge2 Qc7 10. a3 Be7 11. O-O O-O 12. f4 c5 13. Qd2 f5 14. dxc5 Nxc5 15.
Bxc5 Bxc5+ 16. Kh1 a6 17. Nd1 Nc6 18. c4 dxc4 19. Bxc4 Na5 20. Rc1 Qb6 21. b4
Nxc4 22. Rxc4 Be7 23. Nb2 Rd8 1/2-1/2

[Event "DEM U12 2005"]
[Site "Willingen GER"]
[Date "2005.05.20"]
[Round "10"]
[White "Kotainy, Jens"]
[Black "Braun, Georg"]
[Result "1-0"]
[Termination "normal"]
[Board "17"]
[WhiteElo "1624"]
[BlackElo "1493"]
[PlyCount "97"]
[WhiteFideId "24670499"]
[BlackFideId "24629383"]
[EventCountry "GER"]
[EventRounds "11"]
[EventType "swiss"]
[EventDate "2005.05.15"]

1. d4 Nf6 2. c4 c5 3. dxc5 Qa5+ 4. Nc3 Qxc5 5. e3 g6 6. Nf3 Bg7 7. Be2 O-O 8.
O-O a6 9. a3 d6 10. Bd2 Be6 11. b3 Qc7 12. Rc1 Nc6 13. Qc2 Qd8 14. Rfd1 Rc8 15.
e4 Bd7 16. h3 Ne8 17. Be3 b6 18. Nd5 Rb8 19. Nd4 Nxd4 20. Bxd4 e5 21. Be3 f5
22. f3 f4 23. Bf2 Bc6 24. Nb4 a5 25. Nxc6 Qc7 26. Nxb8 Qxb8 27. Qd2 Kh8 28. Bh4
Rg8 29. Be7 Bf8 30. Bxf8 Rxf8 31. b4 axb4 32. Qxb4 Rf6 33. Rb1 Qa8 34. Rb3 Kg7
35. Qxb6 Kh6 36. Qb7 Qxb7 37. Rxb7 d5 38. cxd5 Kg5 39. Rc1 Nd6 40. Rb6 Ne8 41.
Rxf6 Nxf6 42. a4 Kh4 43. Rc6 Kg3 44. Rxf6 h5 45. d6 Kh4 46. d7 g5 47. d8=Q Kg3
48. Qd1 g4 49. Qe1# 1-0

[Event "DEM U12 2005"]
[Site "Willingen GER"]
[Date "2005.05.20"]
[Round "10"]
[White "Grünter, Martin"]
[Black "Bochis, Julia"]
[Result "1-0"]
[Termination "normal"]
[Board "18"]
[WhiteElo "1574"]
[BlackElo "1461"]
[PlyCount "61"]
[WhiteFideId "24640352"]
[BlackFideId "24647276"]
[EventCountry "GER"]
[EventRounds "11"]
[EventType "swiss"]
[EventDate "2005.05.15"]

1. e4 d5 2. exd5 Nf6 3. Nc3 Nxd5 4. Bc4 e6 5. d4 Be7 6. Nf3 c6 7. O-O O-O 8.
Bd2 Nd7 9. Re1 N7b6 10. Bd3 Bf6 11. Ne4 Be7 12. Qe2 Qc7 13. Nfg5 h6 14. Nh3 Re8
15. Qh5 Nd7 16. Kh1 e5 17. dxe5 Qxe5 18. Neg5 Qf6 19. c4 Nc5 20. Bb1 Bxh3 21.
cxd5 Bd7 22. g3 Qxf2 23. Bh7+ Kh8 24. Bc3 Bxg5 25. Rf1 Qxf1+ 26. Rxf1 Kxh7 27.
Rxf7 Re7 28. h4 Rxf7 29. Qxf7 Rg8 30. hxg5 hxg5 31. Qh5# 1-0

[Event "DEM U12 2005"]
[Site "Willingen GER"]
[Date "2005.05.20"]
[Round "10"]
[White "Petermann, Michail"]
[Black "Wilke, Friedrich"]
[Result "1/2-1/2"]
[Termination "normal"]
[Board "19"]
[WhiteElo "1551"]
[BlackElo "1458"]
[PlyCount "56"]
[WhiteFideId "24643530"]
[EventCountry "GER"]
[EventRounds "11"]
[EventType "swiss"]
[EventDate "2005.05.15"]

1. e4 g6 2. d4 Bg7 3. Be3 c6 4. f3 d5 5. e5 e6 6. c3 Ne7 7. Bd3 Nd7 8. Qd2 Nf5
9. Bxf5 exf5 10. Bh6 O-O 11. Bxg7 Kxg7 12. Na3 b5 13. h4 h5 14. Ne2 Nb6 15. Qg5
Qxg5 16. hxg5 a5 17. Nc2 Be6 18. Kf2 Rac8 19. Ne3 Rh8 20. g3 Nd7 21. f4 Rc7 22.
Rad1 Nb6 23. Rc1 Nc4 24. b3 Nxe3 25. Kxe3 Rb8 26. Rc2 Kg8 27. Rhc1 Kg7 28. Ng1
a4 1/2-1/2

[Event "DEM U12 2005"]
[Site "Willingen GER"]
[Date "2005.05.20"]
[Round "10"]
[White "Bräuer, Franz"]
[Black "Hohmann, Louisa"]
[Result "1-0"]
[Termination "normal"]
[Board "20"]
[WhiteElo "1546"]
[BlackElo "1301"]
[PlyCount "117"]
[WhiteFideId "24634468"]
[EventCountry "GER"]
[EventRounds "11"]
[EventType "swiss"]
[EventDate "2005.05.15"]

1. e4 e5 2. Nf3 Nf6 3. d4 Nxe4 4. dxe5 d5 5. exd6 Bxd6 6. Bd3 Nf6 7. O-O O-O 8.
h3 Nc6 9. Bg5 Re8 10. Nc3 Ne5 11. Nd5 Nxf3+ 12. Qxf3 Bh2+ 13. Kxh2 Qxd5 14.
Qxd5 Nxd5 15. Rfe1 Bd7 16. c3 h6 17. Bh4 Bc6 18. Bg3 Rac8 19. Bc2 Nf6 20. Kg1
Ne4 21. Bf4 g5 22. Be3 f5 23. f3 Nd6 24. Bc5 f4 25. Rad1 Rcd8 26. Bb3+ Kh7 27.
Bf2 a6 28. Rxe8 Rxe8 29. Re1 Rxe1+ 30. Bxe1 Kg7 31. Bd2 Nf5 32. Bc2 Ng3 33. Be1
Ne2+ 34. Kf2 Ng3 35. Bd3 Kf6 36. c4 Nf5 37. Bc3+ Ke6 38. b4 b5 39. Bd2 Ke5 40.
Bc3+ Ke6 41. c5 Bd5 42. a4 Bc6 43. Bd2 Ne7 44. axb5 axb5 45. Be4 Nd5 46. Ke2
Ke5 47. Kd3 Ne7 48. Bc3+ Ke6 49. Bg7 h5 50. Bh6 Kf6 51. h4 Bxe4+ 52. Kxe4 Nc6
53. Bxg5+ Kg6 54. Bxf4 Nxb4 55. Bxc7 Na6 56. Bd6 b4 57. Kd4 Kf6 58. Kc4 Ke6 59.
g4 1-0

[Event "DEM U12 2005"]
[Site "Willingen GER"]
[Date "2005.05.20"]
[Round "10"]
[White "Blübaum, Johanna"]
[Black "Begeluri, Nino"]
[Result "0-1"]
[Termination "normal"]
[Board "21"]
[WhiteElo "1542"]
[BlackElo "1167"]
[PlyCount "94"]
[WhiteFideId "24647373"]
[EventCountry "GER"]
[EventRounds "11"]
[EventType "swiss"]
[EventDate "2005.05.15"]

1. d4 d5 2. c4 Nc6 3. Nf3 Bg4 4. e3 e5 5. cxd5 Qxd5 6. Nc3 Bb4 7. Bd2 Bxc3 8.
Bxc3 e4 9. Qa4 exf3 10. Bc4 Qd7 11. d5 Ne5 12. Qxd7+ Kxd7 13. Bxe5 f6 14. Bg3
fxg2 15. Rg1 Bf3 16. Be2 Bxd5 17. Rd1 c6 18. e4 Ne7 19. exd5 Nxd5 20. Bg4+ Ke7
21. Kd2 Rad8 22. Kc1 h5 23. Rge1+ Kf8 24. Bf3 h4 25. Bc7 Rd7 26. Bxd5 cxd5 27.
Ba5 Rh5 28. Bb4+ Kf7 29. h3 d4 30. Rg1 Rg5 31. Kb1 d3 32. Bd2 Rg6 33. Be1 Ke6
34. Kc1 Kf5 35. Bd2 Ke4 36. Rge1+ Kf3 37. Be3 b6 38. Kd2 f5 39. Kc3 Rc6+ 40.
Kb3 Rc2 41. Rxd3 Rxb2+ 42. Kxb2 Rxd3 43. Kc2 Rxe3 44. Rxe3+ Kxf2 45. Rd3 g1=Q
46. Rd2+ Ke3 47. Rd3+ Ke4 0-1

[Event "DEM U12 2005"]
[Site "Willingen GER"]
[Date "2005.05.20"]
[Round "10"]
[White "Hartmann, Nicolas"]
[Black "Stahnecker, Wieland"]
[Result "1-0"]
[Termination "normal"]
[Board "22"]
[WhiteElo "1474"]
[BlackElo "1576"]
[PlyCount "77"]
[WhiteFideId "24626481"]
[BlackFideId "4694481"]
[EventCountry "GER"]
[EventRounds "11"]
[EventType "swiss"]
[EventDate "2005.05.15"]

1. e4 e6 2. Nf3 d5 3. Nc3 Nf6 4. e5 Nfd7 5. d4 c5 6. dxc5 Bxc5 7. Bd3 h6 8. h3
Nc6 9. Bf4 O-O 10. O-O a6 11. Qe2 b5 12. a3 Bb7 13. Rae1 Nb6 14. Nd1 Nc4 15. c3
Rc8 16. Bb1 f5 17. exf6 Rxf6 18. Bg3 Qf8 19. Ne5 N6xe5 20. Bxe5 Nxe5 21. Qxe5
Qf7 22. Ne3 Rf8 23. Re2 Qd7 24. Ng4 R6f7 25. Qxe6 Qxe6 26. Rxe6 Bc8 27. Re2
Bxg4 28. hxg4 Rf4 29. Bf5 h5 30. Be6+ Kh8 31. gxh5 d4 32. cxd4 Bxd4 33. Bd5 Ba7
34. Bb7 R8f6 35. Bf3 Kh7 36. Rfe1 Rh4 37. Re6 Bb8 38. Rxf6 Bh2+ 39. Kf1 1-0

[Event "DEM U12 2005"]
[Site "Willingen GER"]
[Date "2005.05.20"]
[Round "10"]
[White "Billing, Alexander"]
[Black "Cornish, Alexander"]
[Result "1/2-1/2"]
[Termination "normal"]
[Board "23"]
[WhiteElo "1728"]
[BlackElo "1466"]
[PlyCount "31"]
[WhiteFideId "24624420"]
[EventCountry "GER"]
[EventRounds "11"]
[EventType "swiss"]
[EventDate "2005.05.15"]

1. e4 e6 2. d3 d5 3. Nd2 Nf6 4. g3 dxe4 5. dxe4 e5 6. Bg2 Nc6 7. c3 Bc5 8. Ngf3
O-O 9. O-O Be6 10. Qc2 Bb6 11. Ng5 Bg4 12. Nc4 h6 13. Nxb6 axb6 14. Nf3 Qe7 15.
Be3 b5 16. a4 1/2-1/2

[Event "DEM U12 2005"]
[Site "Willingen GER"]
[Date "2005.05.20"]
[Round "10"]
[White "Dorn, Carina"]
[Black "Brumme, Jan"]
[Result "0-1"]
[Termination "normal"]
[Board "24"]
[WhiteElo "1554"]
[BlackElo "1487"]
[PlyCount "98"]
[WhiteFideId "24666335"]
[EventCountry "GER"]
[EventRounds "11"]
[EventType "swiss"]
[EventDate "2005.05.15"]

1. d4 Nf6 2. c4 e5 3. dxe5 Ng4 4. Bf4 Bb4+ 5. Nd2 Nc6 6. Ngf3 Qe7 7. e3 Ngxe5
8. Nxe5 Nxe5 9. a3 Bxd2+ 10. Qxd2 d6 11. Be2 Be6 12. Qc2 f6 13. O-O g5 14. Bxe5
fxe5 15. b4 h5 16. Bf3 c6 17. b5 c5 18. Rad1 g4 19. Be4 O-O-O 20. Rd2 h4 21.
Bf5 Rdf8 22. Bxe6+ Qxe6 23. Qe4 Kc7 24. f4 gxf3 25. Rxf3 Rfg8 26. Rdf2 Rg7 27.
Rf6 Qg8 28. Qd3 Rd7 29. e4 Rhh7 30. Qf1 Rhg7 31. Rh6 Rg4 32. Qe2 Qg7 33. Rhf6
Rxg2+ 34. Rxg2 Qxf6 35. Qf2 Qh6 36. Qe1 b6 37. Qd2 Qh7 38. Qe3 Rf7 39. Rg4 Rg7
40. Rxg7+ Qxg7+ 41. Kf2 Qf7+ 42. Qf3 Qxc4 43. Qe2 Qxe2+ 44. Kxe2 Kd7 45. Kd3
Ke6 46. Kc4 Kf6 47. Kd3 Kg5 48. h3 Kf4 49. a4 Kg3 0-1

[Event "DEM U12 2005"]
[Site "Willingen GER"]
[Date "2005.05.20"]
[Round "10"]
[White "März, Julian"]
[Black "Mirke, Roy"]
[Result "1/2-1/2"]
[Termination "normal"]
[Board "25"]
[WhiteElo "1439"]
[BlackElo "1549"]
[PlyCount "50"]
[WhiteFideId "24646172"]
[BlackFideId "24647306"]
[EventCountry "GER"]
[EventRounds "11"]
[EventType "swiss"]
[EventDate "2005.05.15"]

1. e4 d5 2. Nc3 dxe4 3. Nxe4 Bf5 4. d3 Bxe4 5. dxe4 Qxd1+ 6. Kxd1 Nd7 7. f3
Ngf6 8. Bc4 e6 9. Ne2 O-O-O 10. Bd2 Bc5 11. Ke1 Ne5 12. Bb3 Bf2+ 13. Kxf2 Rxd2
14. Rad1 Rhd8 15. Rxd2 Rxd2 16. Ke3 Rd6 17. Nc3 Rc6 18. Rd1 Nc4+ 19. Bxc4 Rxc4
20. Rd4 Rc6 21. Rd2 Rb6 22. b3 Rc6 23. Nb5 Ra6 24. a4 Ne8 25. e5 h6 1/2-1/2